DFB-Pokal - Die größten Erstligaschrecke der 1. Runde - Statistiken

Allgemein
  • Dieses Quiz wurde 50 mal gespielt
  • Das Durchschnittsergebnis liegt bei 19 aus 31
Antwortstatistiken
Anzahl Verein % Korrekt
2 1. FC Saarbrücken
91%
3 DSC Arminia Bielefeld
87%
3 SG Dynamo Dresden
82%
4 Eintracht Braunschweig
78%
2 Holstein Kiel
78%
4 Kickers Offenbach
78%
2 Alemannia Aachen
73%
3 Rot-Weiss Essen
71%
2 SpVgg Greuther Fürth
71%
4 1. FC Nürnberg
69%
2 RB Leipzig
69%
3 1. FC Magdeburg
67%
2 FC St. Pauli
67%
3 Preußen Münster
67%
2 FC 08 Homburg
62%
3 SSV Ulm 1846
60%
2 VfL Bochum
60%
3 VfL Osnabrück
60%
3 SpVgg Unterhaching
58%
4 SSV Jahn Regensburg
58%
3 SV Waldhof Mannheim
58%
2 FC Schalke 04
56%
3 SV Darmstadt 98
56%
2 1. FSV Mainz 05
53%
2 Stuttgarter Kickers
53%
2 SV Elversberg
51%
2 SV Sandhausen
47%
2 Chemnitzer FC
44%
3 Wuppertaler SV
44%
2 SG Wattenscheid 09
40%
2 FC Bayern München II
20%
Keine übereinstimmenden Quizze gefunden
Verteilung der Resultate
Anzahl Personen mit jedem Resultat
Perzentil nach korrekt beantworteten Fragen
Ihre Resultats-Entwicklung
Sie haben dieses Quiz noch nicht gespielt